00964ngm a2200217 a 450000100100000000500170001000700100002700800410003704100090007808200240008711000430011124501520015426000710030630000220037750500780039965000580047765000410053565000480057665000600062465000620068400008107020200120224429.0vducgaiz 161109s2013 ck nnn ||spa d0 a*spa04a303.609861bC252212 aCentro Nacional de Memoria Histórica13aLa vida cuenta :bserie radial basada en el informe ¡Basta ya! Colombia: memorias de guerra y dignidad. /cCentro Nacional de Memoria Histórica. aBogotá :bSeñal Colombia, Sistema de Medios Públicos,c2013. a1 Cd Rome1 anexo g1. Cuento. -- 2. Cuñas. -- 3. Microprogramas. --4. La vida cuentatCd.117aVíctimas de la violenciay1980-2012zColombia2LEMB27aViolenciay1980-2012zColombia2LEMB27aConflicto armadoy1980-2012zColombia2LEMB27aAdministración de justiciay1980-2012zColombia2LEMB27aDesmovilización de guerrillay1980-2012zColombia2LEMB